00868ngm a2200217 a 450000500170000000800410001708200170005824500820007525000190015730000620017649000140023850000900025265000640034265000470040670000320045326400420048533600270052733700330055433800280058704000350061520220317001250.0160825s1994 ck g 000 0 spa 04a791.43bM14e13aEl elefante y la bicicletacdirección Juan Carlos Tabíohvideograbación a1a. edición  a1 videocasete en VHS (85 minutos)bsonido, color c20 cm  aLa maleta aLa película pertenece a la colección La Maleta. Dirigida para un público adulto142LEMBaPelículas cinematográficas cubanasvVideocasetes 142LEMB aCine latinoamericanovVideocasetes 1 aTabío, Juan Carlosd1943- aBogotábMinisterio de Culturac1994 atextobtxt2rdacontent asin mediaciónbn2rdamedia avolumenbnc2rdacarrier aCO-BoRNBPbspaerdacCO-BoRNBP